[Event "Muensterland Verbandsliga 2526"]
[Site "Germany"]
[Date "2026.04.25"]
[Round "8"]
[Board "2"]
[White "Hanewinkel, Martin"]
[Black "Langheinrich, Joern"]
[Result "1-0"]
[WhiteElo "1865"]
[BlackElo "1831"]
[WhiteFideId "-1"]
[BlackFideId "-1"]
[PlyCount "75"]
[GameId "2303126980133146"]
[EventDate "2025.??.??"]
[EventType "team-tourn"]
[EventRounds "9"]
[EventCountry "GER"]
[SourceTitle "Verband Muensterland"]
[SourceDate "2025.11.13"]
[SourceVersion "1"]
[SourceVersionDate "2025.11.13"]
[SourceQuality "1"]
[WhiteTeam "Beelen"]
[BlackTeam "Muenster Indische Dame"]
[WhiteTeamCountry "GER"]
[BlackTeamCountry "GER"]

1. d4 Nf6 2. Nf3 d6 3. Bf4 g6 4. c3 Bg7 5. e3 O-O 6. Nbd2 Bf5 7. h3 Ne4 8. Nxe4 Bxe4 9. Ng5 Bc6 10. d5 Bd7 11. Qb3 Qc8 12. e4 a5 13. a4 Na6 14. Be3 h6 15. Nf3 c5 16. Nd2 f5 17. exf5 Bxf5 18. g4 Bd7 19. Nc4 Qc7 20. Nb6 Rad8 21. Nxd7 Qxd7 22. Bb5 Qc7 23. Qc2 Rf6 24. Bd3 g5 25. Bf5 e5 26. h4 gxh4 27. g5 hxg5 28. Bxg5 Rdf8 29. Bxf6 Bxf6 30. O-O-O Kh8 31. Qe4 Qe7 32. Rdg1 Rg8 33. Rxg8+ Kxg8 34. Rg1+ Kf8 35. Be6 Bg5+ 36. Kb1 Nc7 37. Qf5+ Qf6 38. Rxg5 1-0

[Event "Muensterland Verbandsliga 2526"]
[Site "Germany"]
[Date "2026.04.25"]
[Round "8"]
[Board "3"]
[White "Diersen, Joerg"]
[Black "Hofene, Josef"]
[Result "1/2-1/2"]
[WhiteElo "1795"]
[BlackElo "1798"]
[WhiteFideId "-1"]
[BlackFideId "-1"]
[PlyCount "44"]
[GameId "2303126980133148"]
[EventDate "2025.??.??"]
[EventType "team-tourn"]
[EventRounds "9"]
[EventCountry "GER"]
[SourceTitle "Verband Muensterland"]
[SourceDate "2025.11.13"]
[SourceVersion "1"]
[SourceVersionDate "2025.11.13"]
[SourceQuality "1"]
[WhiteTeam "Muenster Indische Dame"]
[BlackTeam "Beelen"]
[WhiteTeamCountry "GER"]
[BlackTeamCountry "GER"]

1. e4 c5 2. Nf3 Nc6 3. d4 cxd4 4. Nxd4 Nf6 5. Nc3 e5 6. Ndb5 d6 7. Nd5 Nxd5 8. exd5 Nb8 9. c4 a6 10. Nc3 Bf5 11. Bd3 Bxd3 12. Qxd3 Be7 13. O-O O-O 14. Be3 Nd7 15. Rac1 Rc8 16. b4 f5 17. f3 Bg5 18. Nd1 Qe7 19. Bxg5 Qxg5 20. Nf2 Rc7 21. Rc2 Rfc8 22. Rfc1 b6 1/2-1/2

[Event "Muensterland Verbandsliga 2526"]
[Site "Germany"]
[Date "2026.04.25"]
[Round "8"]
[Board "4"]
[White "Hanewinkel, Winfried"]
[Black "Brambrink, Ulf"]
[Result "0-1"]
[WhiteElo "1851"]
[BlackElo "1790"]
[WhiteFideId "-1"]
[BlackFideId "-1"]
[PlyCount "96"]
[GameId "2303126980133150"]
[EventDate "2025.??.??"]
[EventType "team-tourn"]
[EventRounds "9"]
[EventCountry "GER"]
[SourceTitle "Verband Muensterland"]
[SourceDate "2025.11.13"]
[SourceVersion "1"]
[SourceVersionDate "2025.11.13"]
[SourceQuality "1"]
[WhiteTeam "Beelen"]
[BlackTeam "Muenster Indische Dame"]
[WhiteTeamCountry "GER"]
[BlackTeamCountry "GER"]

1. d4 c5 2. e4 cxd4 3. c3 dxc3 4. Nxc3 e6 5. Nf3 Bb4 6. Bc4 Nc6 7. O-O Bxc3 8. bxc3 Nge7 9. Re1 O-O 10. Ba3 Re8 11. Bd6 Ng6 12. Nd4 a6 13. a4 Qf6 14. Qd2 Nge5 15. Bf1 Na5 16. Qa2 Nac6 17. Rad1 Qg6 18. f4 Nxd4 19. cxd4 Nf3+ 20. Kh1 Nxe1 21. Rxe1 b6 22. Qb1 Bb7 23. Bc7 b5 24. axb5 axb5 25. Qxb5 Ba6 26. Qb1 Bxf1 27. Rxf1 d5 28. f5 exf5 29. exf5 Qg4 30. Rf4 Qe2 31. h3 Qe1+ 32. Qxe1 Rxe1+ 33. Kh2 Re4 34. Rxe4 dxe4 35. g4 Ra3 36. d5 f6 37. d6 Rd3 38. Kg2 Kf7 39. h4 h6 40. h5 Ke8 41. Bb8 Kd7 42. Kf2 Rh3 43. Kg2 Rb3 44. Bc7 e3 45. Ba5 Kxd6 46. Kf3 Kd5 47. Bc7 e2+ 48. Kxe2 Ke4 0-1

[Event "Muensterland Verbandsliga 2526"]
[Site "Germany"]
[Date "2026.04.25"]
[Round "8"]
[Board "5"]
[White "Knispel Roth, Martin"]
[Black "Beckmann, Frank"]
[Result "1/2-1/2"]
[WhiteElo "1796"]
[BlackElo "1745"]
[WhiteFideId "-1"]
[BlackFideId "-1"]
[PlyCount "25"]
[GameId "2303126980133152"]
[EventDate "2025.??.??"]
[EventType "team-tourn"]
[EventRounds "9"]
[EventCountry "GER"]
[SourceTitle "Verband Muensterland"]
[SourceDate "2025.11.13"]
[SourceVersion "1"]
[SourceVersionDate "2025.11.13"]
[SourceQuality "1"]
[WhiteTeam "Muenster Indische Dame"]
[BlackTeam "Beelen"]
[WhiteTeamCountry "GER"]
[BlackTeamCountry "GER"]

1. e4 e6 2. d3 d5 3. Nd2 Nf6 4. Ngf3 Be7 5. g3 b6 6. Bg2 Bb7 7. e5 Nfd7 8. O-O c5 9. Re1 Nc6 10. Nf1 O-O 11. h4 Re8 12. N1h2 Nf8 13. Bg5 1/2-1/2

[Event "Muensterland Verbandsliga 2526"]
[Site "Germany"]
[Date "2026.04.25"]
[Round "8"]
[Board "6"]
[White "Gaebler, Marcel"]
[Black "Glotzbach, Thomas"]
[Result "1/2-1/2"]
[WhiteElo "1726"]
[BlackElo "1757"]
[WhiteFideId "-1"]
[BlackFideId "-1"]
[PlyCount "47"]
[GameId "2303126980133154"]
[EventDate "2025.??.??"]
[EventType "team-tourn"]
[EventRounds "9"]
[EventCountry "GER"]
[SourceTitle "Verband Muensterland"]
[SourceDate "2025.11.13"]
[SourceVersion "1"]
[SourceVersionDate "2025.11.13"]
[SourceQuality "1"]
[WhiteTeam "Beelen"]
[BlackTeam "Muenster Indische Dame"]
[WhiteTeamCountry "GER"]
[BlackTeamCountry "GER"]

1. d4 Nf6 2. c4 e6 3. Nf3 b6 4. a3 Bb7 5. Nc3 d5 6. e3 c5 7. cxd5 Nxd5 8. Bb5+ Bc6 9. Bxc6+ Nxc6 10. Qa4 Qd7 11. Nxd5 exd5 12. O-O Be7 13. Bd2 Ne5 14. Qxd7+ Nxd7 15. Bc3 c4 16. Nd2 f5 17. f3 O-O 18. e4 fxe4 19. fxe4 b5 20. e5 Rxf1+ 21. Rxf1 a5 22. Nb1 b4 23. Bd2 Nf8 24. Be3 1/2-1/2

[Event "Muensterland Verbandsliga 2526"]
[Site "Germany"]
[Date "2026.04.25"]
[Round "8"]
[Board "7"]
[White "Tenberge, Norbert"]
[Black "Austermann, Reinhold"]
[Result "0-1"]
[WhiteElo "1702"]
[BlackElo "1786"]
[WhiteFideId "-1"]
[BlackFideId "-1"]
[PlyCount "80"]
[GameId "2303126980133156"]
[EventDate "2025.??.??"]
[EventType "team-tourn"]
[EventRounds "9"]
[EventCountry "GER"]
[SourceTitle "Verband Muensterland"]
[SourceDate "2025.11.13"]
[SourceVersion "1"]
[SourceVersionDate "2025.11.13"]
[SourceQuality "1"]
[WhiteTeam "Muenster Indische Dame"]
[BlackTeam "Beelen"]
[WhiteTeamCountry "GER"]
[BlackTeamCountry "GER"]

1. d4 d5 2. c4 e6 3. Nc3 f5 4. f4 Nf6 5. e3 c6 6. Bd3 Bd6 7. Nf3 O-O 8. O-O Ne4 9. Ne5 Nd7 10. Nxe4 fxe4 11. Be2 Nf6 12. Bd2 Bd7 13. a4 b6 14. Bc3 Qe7 15. Qd2 Be8 16. Kh1 dxc4 17. Bxc4 Nd5 18. Bb3 Bxe5 19. dxe5 Rd8 20. Rad1 Bh5 21. Bxd5 Rxd5 22. Qc1 Bxd1 23. Rxd1 Rxd1+ 24. Qxd1 Rd8 25. Qb3 Qd7 26. Kg1 Kf7 27. Kf2 g6 28. a5 Qc7 29. Qa4 Rd5 30. axb6 axb6 31. Qxe4 Qd8 32. g3 c5 33. Qa4 Qd7 34. Qa8 Kg7 35. e4 Rd1 36. f5 Qd3 37. f6+ Kh6 38. Be1 Qc2+ 39. Kf1 Qd2 40. f7 Rxe1# 0-1

[Event "Muensterland Verbandsliga 2526"]
[Site "Germany"]
[Date "2026.04.25"]
[Round "8"]
[Board "8"]
[White "Hofene, Markus"]
[Black "Wichmann, Norbert"]
[Result "1-0"]
[WhiteElo "1659"]
[BlackElo "1632"]
[WhiteFideId "-1"]
[BlackFideId "-1"]
[PlyCount "89"]
[GameId "2303126980133158"]
[EventDate "2025.??.??"]
[EventType "team-tourn"]
[EventRounds "9"]
[EventCountry "GER"]
[SourceTitle "Verband Muensterland"]
[SourceDate "2025.11.13"]
[SourceVersion "1"]
[SourceVersionDate "2025.11.13"]
[SourceQuality "1"]
[WhiteTeam "Beelen"]
[BlackTeam "Muenster Indische Dame"]
[WhiteTeamCountry "GER"]
[BlackTeamCountry "GER"]

1. d4 Nf6 2. Nf3 g6 3. c4 Bg7 4. Nc3 O-O 5. e4 d6 6. h3 Nc6 7. Be2 e5 8. d5 Ne7 9. Be3 h6 10. Qd2 Kh7 11. g4 Nfg8 12. g5 h5 13. O-O-O Bd7 14. Nh4 Qc8 15. Rh2 a6 16. Rg1 b5 17. Qd1 b4 18. Nb1 f5 19. Bxh5 Be8 20. exf5 Nxf5 21. Nxf5 Qxf5 22. Bg4 Qe4 23. Nd2 Qd3 24. Be2 Qf5 25. h4 e4 26. Qc2 Be5 27. Rhg2 Bd7 28. Bg4 Qf7 29. Bxd7 Qxd7 30. Nxe4 Qh3 31. Nf6+ Kg7 32. Nxg8 Rxg8 33. Qe4 Rae8 34. Qg4 Bxb2+ 35. Kxb2 Rxe3 36. fxe3 Qxe3 37. Rg3 Qe5+ 38. Kb3 Rf8 39. Rf3 Rf5 40. Rgf1 a5 41. h5 Qe2 42. Qd4+ Kg8 43. Rxf5 gxf5 44. h6 Qe7 45. Qg7+ 1-0

[Event "Muensterland Verbandsliga 2526"]
[Site "Germany"]
[Date "2026.04.25"]
[Round "8"]
[Board "1"]
[White "Weist, Thorsten"]
[Black "Jansen, Dirk"]
[Result "1/2-1/2"]
[WhiteElo "1734"]
[BlackElo "1990"]
[WhiteFideId "-1"]
[BlackFideId "-1"]
[PlyCount "54"]
[GameId "2305639328887552"]
[EventDate "2025.??.??"]
[EventType "team-tourn"]
[EventRounds "9"]
[EventCountry "GER"]
[SourceTitle "Verband Muensterland"]
[SourceDate "2025.11.13"]
[SourceVersion "1"]
[SourceVersionDate "2025.11.13"]
[SourceQuality "1"]
[WhiteTeam "Emsdetten Rochade II"]
[BlackTeam "Muenster SK IV"]
[WhiteTeamCountry "GER"]
[BlackTeamCountry "GER"]

1. d4 e6 2. Nf3 d5 3. c4 c5 4. cxd5 exd5 5. Nc3 Nf6 6. g3 Nc6 7. Bg2 Be7 8. O-O O-O 9. dxc5 Bxc5 10. Na4 Be7 11. Nd4 Re8 12. Be3 Bg4 13. Re1 Qd7 14. Rc1 Bh3 15. Nxc6 bxc6 16. Bd4 Bxg2 17. Kxg2 Ne4 18. Nc5 Bxc5 19. Bxc5 Re6 20. f3 Nxc5 21. Rxc5 Rae8 22. Kf2 Qe7 23. Qc2 Rh6 24. h4 Rxh4 25. gxh4 Qxh4+ 26. Kf1 Qh1+ 27. Kf2 Qh2+ 1/2-1/2

[Event "Muensterland Verbandsliga 2526"]
[Site "Germany"]
[Date "2026.04.25"]
[Round "8"]
[Board "2"]
[White "Hartmann, Steffen"]
[Black "Noering, Andreas"]
[Result "1/2-1/2"]
[WhiteElo "1893"]
[BlackElo "1802"]
[WhiteFideId "-1"]
[BlackFideId "-1"]
[PlyCount "41"]
[GameId "2305639363765004"]
[EventDate "2025.??.??"]
[EventType "team-tourn"]
[EventRounds "9"]
[EventCountry "GER"]
[SourceTitle "Verband Muensterland"]
[SourceDate "2025.11.13"]
[SourceVersion "1"]
[SourceVersionDate "2025.11.13"]
[SourceQuality "1"]
[WhiteTeam "Muenster SK IV"]
[BlackTeam "Emsdetten Rochade II"]
[WhiteTeamCountry "GER"]
[BlackTeamCountry "GER"]

1. e4 e5 2. Nf3 Nf6 3. Nc3 Nc6 4. Bb5 Bc5 5. O-O d6 6. h3 Bd7 7. d3 Nd4 8. Nxd4 Bxd4 9. Bxd7+ Qxd7 10. Ne2 Bb6 11. Ng3 g6 12. a4 a5 13. Bg5 Qe6 14. Qf3 Nd7 15. c3 h6 16. Be3 h5 17. Bxb6 Nxb6 18. Qd1 h4 19. Ne2 g5 20. f3 O-O 21. d4 1/2-1/2

[Event "Muensterland Verbandsliga 2526"]
[Site "Germany"]
[Date "2026.04.25"]
[Round "8"]
[Board "3"]
[White "Lehmann, Mona"]
[Black "Leder, Nils"]
[Result "0-1"]
[WhiteElo "1869"]
[BlackElo "1886"]
[WhiteFideId "-1"]
[BlackFideId "-1"]
[PlyCount "126"]
[GameId "2305639395906328"]
[EventDate "2025.??.??"]
[EventType "team-tourn"]
[EventRounds "9"]
[EventCountry "GER"]
[SourceTitle "Verband Muensterland"]
[SourceDate "2025.11.13"]
[SourceVersion "1"]
[SourceVersionDate "2025.11.13"]
[SourceQuality "1"]
[WhiteTeam "Emsdetten Rochade II"]
[BlackTeam "Muenster SK IV"]
[WhiteTeamCountry "GER"]
[BlackTeamCountry "GER"]

1. e4 c6 2. d4 d5 3. exd5 cxd5 4. c4 Nf6 5. Nc3 Nc6 6. Nf3 Bg4 7. Be3 e6 8. h3 Bxf3 9. Qxf3 Bb4 10. Qd1 Ne4 11. Qd3 Qa5 12. Bd2 Nxd2 13. Kxd2 dxc4 14. Qxc4 Rd8 15. Qb5 Bxc3+ 16. bxc3 Rxd4+ 17. Kc2 Rd6 18. Qxa5 Nxa5 19. Bb5+ Ke7 20. Rad1 Rc8 21. Rxd6 Kxd6 22. Rd1+ Kc5 23. Bd3 h6 24. Re1 Kd6 25. Re4 Rc5 26. g4 Nc6 27. f4 a5 28. Kb2 b5 29. a4 b4 30. cxb4 Nxb4 31. Bb5 Rc2+ 32. Kb3 Rf2 33. Rd4+ Nd5 34. f5 Ke5 35. Rd3 exf5 36. gxf5 Rxf5 37. Kc4 Nb4 38. Rd7 Rf3 39. Ra7 Nc2 40. Rxa5 Na3+ 41. Kb4 Nxb5 42. Rxb5+ Kd6 43. a5 Rf4+ 44. Kb3 Kc6 45. Rb8 Rf1 46. Rb6+ Kc7 47. Kc4 h5 48. Rb5 g6 49. Re5 Kb7 50. Kb5 Rb1+ 51. Kc5 Ka6 52. Kc6 Rf1 53. Kd6 f6 54. Rc5 Re1 55. h4 Re4 56. Rc6+ Kxa5 57. Kd5 Rf4 58. Ke6 Kb5 59. Rc2 Rxh4 60. Kxf6 Rg4 61. Ke5 h4 62. Kf6 g5 63. Kf5 Rg3 0-1

[Event "Muensterland Verbandsliga 2526"]
[Site "Germany"]
[Date "2026.04.25"]
[Round "8"]
[Board "4"]
[White "Voß, Norbert"]
[Black "Fuhrmann, Andreas"]
[Result "1-0"]
[WhiteElo "1881"]
[BlackElo "1746"]
[WhiteFideId "-1"]
[BlackFideId "-1"]
[PlyCount "57"]
[GameId "2305639433069348"]
[EventDate "2025.??.??"]
[EventType "team-tourn"]
[EventRounds "9"]
[EventCountry "GER"]
[SourceTitle "Verband Muensterland"]
[SourceDate "2025.11.13"]
[SourceVersion "1"]
[SourceVersionDate "2025.11.13"]
[SourceQuality "1"]
[WhiteTeam "Muenster SK IV"]
[BlackTeam "Emsdetten Rochade II"]
[WhiteTeamCountry "GER"]
[BlackTeamCountry "GER"]

1. d4 d5 2. Nf3 c5 3. c4 e6 4. cxd5 exd5 5. g3 Nc6 6. Bg2 Nf6 7. O-O Be7 8. Nc3 O-O 9. dxc5 Bxc5 10. Na4 Be7 11. Be3 Re8 12. Rc1 Bg4 13. h3 Bxf3 14. Bxf3 Qd7 15. Kh2 Rad8 16. Nc5 Bxc5 17. Bxc5 Ne4 18. Bd4 Ng5 19. Bg4 f5 20. Bf3 Nxf3+ 21. exf3 Nxd4 22. Qxd4 Re2 23. Rfe1 Rde8 24. Rxe2 Rxe2 25. Kg2 b6 26. a3 h6 27. b4 Ra2 28. Qe5 Qd8 29. Rc7 1-0

[Event "Muensterland Verbandsliga 2526"]
[Site "Germany"]
[Date "2026.04.25"]
[Round "8"]
[Board "5"]
[White "Fehlings, Gerd"]
[Black "Spillmann, Peter"]
[Result "1/2-1/2"]
[WhiteElo "1730"]
[BlackElo "1870"]
[WhiteFideId "-1"]
[BlackFideId "-1"]
[PlyCount "115"]
[GameId "2305639495246640"]
[EventDate "2025.??.??"]
[EventType "team-tourn"]
[EventRounds "9"]
[EventCountry "GER"]
[SourceTitle "Verband Muensterland"]
[SourceDate "2025.11.13"]
[SourceVersion "1"]
[SourceVersionDate "2025.11.13"]
[SourceQuality "1"]
[WhiteTeam "Emsdetten Rochade II"]
[BlackTeam "Muenster SK IV"]
[WhiteTeamCountry "GER"]
[BlackTeamCountry "GER"]

1. Nf3 f5 2. d4 Nf6 3. g3 e6 4. Bg2 Be7 5. O-O O-O 6. c4 d6 7. Qc2 Ne4 8. b3 Bf6 9. Bb2 Nc6 10. Nbd2 Nxd2 11. Qxd2 e5 12. d5 Ne7 13. e4 h6 14. Ne1 Ng6 15. Nd3 f4 16. f3 Bg5 17. Qc3 fxg3 18. hxg3 Be3+ 19. Kh2 Qg5 20. Nf2 Qh5+ 21. Kg1 Bb6 22. b4 a5 23. a3 Bh3 24. c5 Bxg2 25. Kxg2 axb4 26. axb4 Rxa1 27. Rxa1 dxc5 28. bxc5 Bxc5 29. Ng4 Bd4 30. Qd2 Bxb2 31. Qxb2 Qg5 32. Qc1 Qe7 33. Ne3 Qf6 34. Nf5 Ne7 35. Nxe7+ Qxe7 36. Ra3 Qd6 37. Rc3 Rc8 38. Qb2 Rb8 39. Rb3 Qa6 40. Ra3 Qd6 41. Rb3 Qa6 42. Rc3 Qd6 43. Qb5 Kf7 44. Qc4 Rc8 45. f4 Ke7 46. Kf3 g6 47. Rb3 Rb8 48. Qa4 h5 49. Qa7 Rc8 50. Qxb7 Qd7 51. Qb4+ Kf7 52. fxe5 Qg4+ 53. Kg2 Qe2+ 54. Kh3 Qg4+ 55. Kg2 Qe2+ 56. Kh3 Qf1+ 57. Kh2 Qf2+ 58. Kh3 1/2-1/2

[Event "Muensterland Verbandsliga 2526"]
[Site "Germany"]
[Date "2026.04.25"]
[Round "8"]
[Board "6"]
[White "Schulz, Stefan"]
[Black "Colmer, Willi"]
[Result "0-1"]
[WhiteElo "1859"]
[BlackElo "1749"]
[WhiteFideId "-1"]
[BlackFideId "-1"]
[PlyCount "46"]
[GameId "2305639527486268"]
[EventDate "2025.??.??"]
[EventType "team-tourn"]
[EventRounds "9"]
[EventCountry "GER"]
[SourceTitle "Verband Muensterland"]
[SourceDate "2025.11.13"]
[SourceVersion "1"]
[SourceVersionDate "2025.11.13"]
[SourceQuality "1"]
[WhiteTeam "Muenster SK IV"]
[BlackTeam "Emsdetten Rochade II"]
[WhiteTeamCountry "GER"]
[BlackTeamCountry "GER"]

1. d4 Nf6 2. Nf3 g6 3. c4 Bg7 4. g3 O-O 5. Bg2 d6 6. Nc3 c5 7. O-O Nc6 8. h3 Nd7 9. e3 Qb6 10. Nd5 Qd8 11. Rb1 Nb6 12. dxc5 Bf5 13. Ra1 dxc5 14. Nxb6 Qxb6 15. Qb3 Rfd8 16. Nd2 Rd3 17. Qxb6 axb6 18. Be4 Bxe4 19. Nxe4 Ne5 20. Nd2 Rxd2 21. Bxd2 Nf3+ 22. Kg2 Nxd2 23. Rfd1 Bxb2 0-1

[Event "Muensterland Verbandsliga 2526"]
[Site "Germany"]
[Date "2026.04.25"]
[Round "8"]
[Board "7"]
[White "Gerighausen, Karl Heinz"]
[Black "Boerger, Andreas"]
[Result "1/2-1/2"]
[WhiteElo "1639"]
[BlackElo "1763"]
[WhiteFideId "-1"]
[BlackFideId "-1"]
[PlyCount "59"]
[GameId "2305639553344328"]
[EventDate "2025.??.??"]
[EventType "team-tourn"]
[EventRounds "9"]
[EventCountry "GER"]
[SourceTitle "Verband Muensterland"]
[SourceDate "2025.11.13"]
[SourceVersion "1"]
[SourceVersionDate "2025.11.13"]
[SourceQuality "1"]
[WhiteTeam "Emsdetten Rochade II"]
[BlackTeam "Muenster SK IV"]
[WhiteTeamCountry "GER"]
[BlackTeamCountry "GER"]

1. d4 d5 2. Nf3 Nf6 3. g3 e6 4. Bg2 b6 5. O-O Bb7 6. c4 Nbd7 7. Qc2 Be7 8. Rd1 O-O 9. b3 Ne4 10. Nc3 f5 11. cxd5 exd5 12. a4 Rc8 13. Nxe4 fxe4 14. Ne5 c5 15. Nxd7 Qxd7 16. Qd2 c4 17. bxc4 Rxc4 18. Ba3 Bxa3 19. Rxa3 Rxa4 20. Bh3 Qb5 21. Be6+ Kh8 22. Rxa4 Qxa4 23. Rc1 Qe8 24. Qb4 Rf6 25. Rc7 Rxe6 26. Rxb7 a5 27. Qc3 h5 28. Qc7 Qg6 29. Qd8+ Re8 30. Qxb6 1/2-1/2

[Event "Muensterland Verbandsliga 2526"]
[Site "Germany"]
[Date "2026.04.25"]
[Round "8"]
[Board "8"]
[White "Schoepper, Oliver"]
[Black "Schmidt, Frank"]
[Result "1/2-1/2"]
[WhiteElo "1729"]
[BlackElo "1595"]
[WhiteFideId "-1"]
[BlackFideId "-1"]
[PlyCount "73"]
[GameId "2305639582569300"]
[EventDate "2025.??.??"]
[EventType "team-tourn"]
[EventRounds "9"]
[EventCountry "GER"]
[SourceTitle "Verband Muensterland"]
[SourceDate "2025.11.13"]
[SourceVersion "1"]
[SourceVersionDate "2025.11.13"]
[SourceQuality "1"]
[WhiteTeam "Muenster SK IV"]
[BlackTeam "Emsdetten Rochade II"]
[WhiteTeamCountry "GER"]
[BlackTeamCountry "GER"]

1. d4 Nf6 2. Nf3 g6 3. c4 Bg7 4. Nc3 O-O 5. g3 d6 6. Bg2 c5 7. O-O Nc6 8. d5 Na5 9. Qd3 Ng4 10. h3 Ne5 11. Nxe5 Bxe5 12. Bh6 Re8 13. f4 Bd4+ 14. e3 Bf5 15. Qe2 Bh8 16. g4 Bd7 17. f5 Bg7 18. Bxg7 Kxg7 19. f6+ exf6 20. Ne4 f5 21. Nxd6 Re7 22. gxf5 f6 23. Qf3 Re5 24. e4 Qe7 25. Qc3 Qxd6 26. Qxa5 b6 27. Qc3 g5 28. Rad1 a5 29. Qf3 Rh8 30. Qg3 h6 31. Bf3 Be8 32. Qg2 Rg8 33. Qe2 Re7 34. Rfe1 Bd7 35. Qg2 Be8 36. Kf2 Re5 37. Re2 1/2-1/2

[Event "Muensterland Verbandsliga 2526"]
[Site "Germany"]
[Date "2026.04.25"]
[Round "8"]
[Board "1"]
[White "Lanfer, Stefan"]
[Black "Vocke, Stefan"]
[Result "1/2-1/2"]
[WhiteElo "1767"]
[BlackElo "1916"]
[WhiteFideId "-1"]
[BlackFideId "-1"]
[PlyCount "136"]
[GameId "2303447170843299"]
[EventDate "2025.??.??"]
[EventType "team-tourn"]
[EventRounds "9"]
[EventCountry "GER"]
[SourceTitle "Verband Muensterland"]
[SourceDate "2025.11.13"]
[SourceVersion "1"]
[SourceVersionDate "2025.11.13"]
[SourceQuality "1"]
[WhiteTeam "Gescher"]
[BlackTeam "Ochtrup"]
[WhiteTeamCountry "GER"]
[BlackTeamCountry "GER"]

1. c4 Nf6 2. Nc3 c5 3. g3 Nc6 4. Nf3 e6 5. Bg2 d5 6. cxd5 exd5 7. d4 cxd4 8. Nxd4 Bb4 9. O-O Bxc3 10. bxc3 O-O 11. Bg5 Be6 12. Nxc6 bxc6 13. Qd4 h6 14. Bxf6 Qxf6 15. Qxf6 gxf6 16. Rab1 Rab8 17. Rb3 Rxb3 18. axb3 a5 19. Ra1 Rb8 20. Ra3 c5 21. f4 Rb5 22. f5 Bxf5 23. Bxd5 Be6 24. Bxe6 fxe6 25. c4 Rb6 26. Rxa5 Rxb3 27. Rxc5 Kf7 28. Rc7+ Kg6 29. Kf2 e5 30. c5 Rc3 31. c6 Kf5 32. h3 Ke6 33. Rh7 Rxc6 34. Rxh6 Rc4 35. Rh7 f5 36. Rh6+ Kf7 37. Ra6 Kg7 38. Kf3 Rb4 39. e3 Rb3 40. Re6 Rb5 41. h4 Kf7 42. Ra6 Rb4 43. h5 Rg4 44. h6 e4+ 45. Kf2 Rg5 46. Rb6 Kg8 47. Rb7 Rh5 48. g4 Rg5 49. gxf5 Rxf5+ 50. Ke2 Re5 51. Rg7+ Kh8 52. Rg4 Kh7 53. Rh4 Re6 54. Kf2 Rf6+ 55. Ke2 Re6 56. Kd2 Rd6+ 57. Kc2 Rc6+ 58. Kb3 Rc1 59. Rxe4 Kxh6 60. Rc4 Re1 61. Rc3 Kg5 62. Kc4 Kf5 63. Kd4 Rd1+ 64. Rd3 Re1 65. Kd5 Re2 66. e4+ Rxe4 67. Rf3+ Rf4 68. Rxf4+ Kxf4 1/2-1/2

[Event "Muensterland Verbandsliga 2526"]
[Site "Germany"]
[Date "2026.04.25"]
[Round "8"]
[Board "2"]
[White "Boehlich, Daniel"]
[Black "Iking, Bernhard"]
[Result "1-0"]
[WhiteElo "2031"]
[BlackElo "1828"]
[WhiteFideId "-1"]
[BlackFideId "-1"]
[PlyCount "79"]
[GameId "2303438371885329"]
[EventDate "2025.??.??"]
[EventType "team-tourn"]
[EventRounds "9"]
[EventCountry "GER"]
[SourceTitle "Verband Muensterland"]
[SourceDate "2025.11.13"]
[SourceVersion "1"]
[SourceVersionDate "2025.11.13"]
[SourceQuality "1"]
[WhiteTeam "Ochtrup"]
[BlackTeam "Gescher"]
[WhiteTeamCountry "GER"]
[BlackTeamCountry "GER"]

1. d4 Nf6 2. c4 c5 3. d5 b5 4. Qc2 Na6 5. a3 bxc4 6. e4 e6 7. Bxc4 exd5 8. exd5 Nc7 9. Nc3 Be7 10. Nf3 O-O 11. O-O d6 12. b4 cxb4 13. axb4 Bb7 14. Qd3 a6 15. Be3 Qd7 16. Rfb1 Ng4 17. Bd4 Bf6 18. h3 Bxd4 19. Qxd4 Nf6 20. Ra5 Rfb8 21. Rb2 Nb5 22. Nxb5 axb5 23. Bxb5 Qc7 24. Rxa8 Rxa8 25. Bc4 Ra1+ 26. Kh2 Rc1 27. Bb3 Rc3 28. Ba2 h6 29. Qa7 Qc8 30. Qd4 Qc7 31. Ne1 Bc8 32. Nf3 Bf5 33. b5 Rc5 34. b6 Qb7 35. Qf4 Be4 36. Qxd6 Rc1 37. Qf4 Rd1 38. Qc7 Qxc7+ 39. bxc7 Rc1 40. Rb8+ 1-0

[Event "Muensterland Verbandsliga 2526"]
[Site "Germany"]
[Date "2026.04.25"]
[Round "8"]
[Board "3"]
[White "Lanfer, Stefanie"]
[Black "Moor, Daniel"]
[Result "1-0"]
[WhiteElo "1806"]
[BlackElo "1862"]
[WhiteFideId "-1"]
[BlackFideId "-1"]
[PlyCount "45"]
[GameId "2303441992192285"]
[EventDate "2025.??.??"]
[EventType "team-tourn"]
[EventRounds "9"]
[EventCountry "GER"]
[SourceTitle "Verband Muensterland"]
[SourceDate "2025.11.13"]
[SourceVersion "1"]
[SourceVersionDate "2025.11.13"]
[SourceQuality "1"]
[WhiteTeam "Gescher"]
[BlackTeam "Ochtrup"]
[WhiteTeamCountry "GER"]
[BlackTeamCountry "GER"]

1. e4 Nf6 2. e5 Nd5 3. d4 d6 4. Bc4 Nb6 5. Bb3 dxe5 6. Qh5 e6 7. dxe5 c5 8. a4 Nc6 9. Nf3 c4 10. Ba2 Nb4 11. Na3 Nxa2 12. Rxa2 Nxa4 13. O-O Qd5 14. Ng5 g6 15. Qe2 b5 16. Rd1 Qb7 17. Ne4 Be7 18. Bg5 Bd7 19. Bxe7 Kxe7 20. Qf3 f5 21. exf6+ Kf8 22. Qf4 Bc6 23. Qh6+ 1-0